000 00437nam a2200145 i 4500
001 bg
100 1 _aBĄKOWSKI, Ryszard.
245 0 _aWyposażenie magazynów dostępne na rynku krajowym.
_nCz. 1,
_pUrządzenia do składowania oraz środki transportu magazynowego /
_cRyszard Bąkowski.
260 _aPoznań,
_c1974.
040 _cBPK
041 _apol
080 _a658.7
942 _cKS
008 s pl f |000 0 pol
999 _c27217
_d27217
856 _uhttp://koha.tu.koszalin.pl/cgi-bin/koha/opac-detail.pl?biblionumber=27217
_yKatalog online BPK